Southville International School and Colleges
Your cart is empty.
  • Cart
  • Lists
    Public lists Eva Luna New books Lux_list list_1
    Your lists Log in to create your own lists
  • Log in to your account
  • Your cookies
  • Search history
Southville International School and Colleges
  • Advanced search
  • Recent comments
  • Most popular
  • Libraries

Log in to your account

Log in with GOOGLE


If you do not have an external account, but do have a local account, you can still log in:

  1. Home
  2. MARC view: New perspective in English one /
Normal view MARC view ISBD view

New perspective in English one / (Record no. 291740)

[ view plain ]
MARC details
000 -LEADER
fixed length control field 00649nam a2200229Ia 4500
008 - FIXED-LENGTH DATA ELEMENTS--GENERAL INFORMATION
fixed length control field 160319s9999 xx 000 0 und d
020 ## - INTERNATIONAL STANDARD BOOK NUMBER
International Standard Book Number 971-23-4249-2
050 ## - LIBRARY OF CONGRESS CALL NUMBER
Classification number FIL PE 1112
050 ## - LIBRARY OF CONGRESS CALL NUMBER
Item number .F47N4 2005 c.2
100 ## - MAIN ENTRY--PERSONAL NAME
Personal name Fernando, Jovita N.
245 ## - TITLE STATEMENT
Title New perspective in English one /
245 ## - TITLE STATEMENT
Statement of responsibility, etc Jovita N. Fernando, Pacita I. Habana, Alicia L. Cinco.
260 ## - PUBLICATION, DISTRIBUTION, ETC. (IMPRINT)
Place of publication, distribution, etc Manila :
260 ## - PUBLICATION, DISTRIBUTION, ETC. (IMPRINT)
Name of publisher, distributor, etc Rex Book Store, Inc.,
260 ## - PUBLICATION, DISTRIBUTION, ETC. (IMPRINT)
Date of publication, distribution, etc 2005
300 ## - PHYSICAL DESCRIPTION
Extent 244 pages :
300 ## - PHYSICAL DESCRIPTION
Other physical details illustrations ;
300 ## - PHYSICAL DESCRIPTION
Dimensions 22 cm.
500 ## - GENERAL NOTE
General note Includes index.
650 ## - SUBJECT ADDED ENTRY--TOPICAL TERM
Topical term or geographic name as entry element English language -- Grammar.
650 ## - SUBJECT ADDED ENTRY--TOPICAL TERM
General subdivision English language -- Composition.
Holdings
Withdrawn status Lost status Damaged status Home library Current library Shelving location Date acquired Cost, normal purchase price Total Checkouts Full call number Barcode Date last seen Price effective from Koha item type
      South Mansfield College South Mansfield College Filipiniana Section 01/10/2008 235.00   FIL PE 1112 .F47N4 2005 c.2 SMC04098 03/19/2016 03/19/2016  

New perspective in English one /

APA

Fernando J. N., .New perspective in English one. Manila: .

Chicago

Fernando Jovita N, .New perspective in English one. Manila: .

Harvard

Fernando J. N., .New perspective in English one. Manila: .

MLA

Fernando Jovita N, .Manila: . .

  • Place hold
  • Print
  • Cite
  • Add to your cart (remove)
  • Save record
    BIBTEX Dublin Core MARCXML MARC (non-Unicode/MARC-8) MARC (Unicode/UTF-8) MARC (Unicode/UTF-8, Standard) MODS (XML) RIS
  • More searches
    Search for this title in:
    Other Libraries (WorldCat) Other Databases (Google Scholar) Online Stores (Bookfinder.com) Open Library (openlibrary.org)

Exporting to Dublin Core...

SOUTHVILLE LIBRARY

Southville International School and Colleges Library

1281 Tropical Ave. Cor. Luxembourg St., BF Homes International, Las Pinas City

Tel. No. 8256374 / 252358 Loc. 117/146

Powered by Koha